Tagungsbericht zur internationalen Tagung „Prager Figurationen jüdischer Moderne“ (Tübingen, 5.–7. Februar 2015)

Titel: Tagungsbericht zur internationalen Tagung „Prager Figurationen jüdischer Moderne“ (Tübingen, 5.–7. Februar 2015) / Johannes Heinke
Verfasser:
In: Zeitschrift für Slawistik, Band 60, Heft 3 (2015), Seite 462-465
alle Artikel anzeigen
Veröffentlicht: 2015
Format: Aufsatz
Sprache: Deutsch
Schlagworte:
Kein Bild verfügbar
X
alg: 42655750
001A    $03025:20-02-18 
001B    $06050:24-06-21 $t10:06:06.000 
001C    $03025:20-02-18 $t15:02:16.000 
001D    $03025:20-02-18 
001U    $0utf8 
001X    $00 
002@    $0Oou 
002C    $aText $btxt $2rdacontent 
002D    $aComputermedien $bc $2rdamedia 
002E    $aOnline-Ressource $bcr $2rdacarrier 
003@    $0426557506 
004P    $010.1515/slaw-2015-0028 
007A    $0426557506 $aHEB 
010@    $ager 
010E    $erda 
011@    $a2015 
021A    $aTagungsbericht zur internationalen Tagung „Prager Figurationen jüdischer Moderne“ (Tübingen, 5.–7. Februar 2015) $hJohannes Heinke 
028A    $BVerfasser $4aut $7 $8Heinke, Johannes [Tnd] $9142344605 
031A    $d60 $e3 $h462-465 $j2015 
039B    $aEnthalten in $8--Obvc--. Zeitschrift für Slawistik. - Berlin : De Gruyter, 1956-. - Online-Ressource. - ISSN 2196-7016 $x201500000600003538 $9201613530 
044K    $#Prag $#Hlavni Město Praha $#Hauptstadt Prag $#Prag Kraj $#Bezirk Prag $#Praha $#Prague $#Praga $#Praag $74076310-9 $8Prag [Tg1] $9085216283 
044K    $RKongress $#Tagungsbericht $#Kongressschrift $74196709-4 $8Kongressbericht [Ts1] $9085988111 
044K    $RJudentum $RIsraeliten $RStämme Israels $#Jude $74028808-0 $8Juden [Ts1] $9085075922 
044K    $RModernität $RPostmoderne $#Civilization, Modern $#Civilisation moderne $#Moderne $#Avantgarde Moderne $74039827-4 $8Moderne [Ts1] $9085109002 
045R    $aGeschichte 1846-2014 
045T    $a7,41 
045T    $aSLAW $qDE-1a $2FID 

lok: 42655750 78

exp: 42655750 78 1 #EPN
201B/01 $020-02-18 $t15:00:04.000 
201C/01 $020-02-18 
201U/01 $0utf8 
203@/01 $01018350721 
208@/01 $a20-02-18 $be 
209A/01 $a/ $f000 $x00 
209A/01 $ab*p $x01 
220C/01 $apgar 
244Z/01 $#Böhmische Kronländer $#Länder der Böhmischen Krone $#Sudetenland $#Böhmen $#Mähren $#Mährisch-Schlesien $#Österreichisch-Schlesien $#Tschechische Sozialistische Republik Böhmische Länder $#Tschechei Böhmische Länder $#Země koruny české $74069573-6 $8--Tg1--Böhmische Länder $x01 $9085195553 
247C/01 $82080>Marburg/Lahn, Herder-Institut, Forschungsbibliothek, Bibliographieportal $9336309341
LEADER 00000caa a2200000 c 4500
001 426557506
003 DE-603
005 20210624100606.0
007 cr||||||||||||
008 180220s2015 xx |||| o| u00||u|ger c
024 7 |a 10.1515/slaw-2015-0028  |2 doi 
035 |a (DE-599)HEB426557506 
040 |a DE-603  |b ger  |c DE-603  |d DE-603  |e rda 
041 |a ger 
084 |a 7,41  |2 ssgn 
084 |a SLAW  |q DE-1a  |2 fid 
100 1 |a Heinke, Johannes  |e Verfasser  |4 aut  |0 (DE-603)142344605 
245 0 0 |a Tagungsbericht zur internationalen Tagung „Prager Figurationen jüdischer Moderne“ (Tübingen, 5.–7. Februar 2015)  |c Johannes Heinke 
264 0 |c 2015 
336 |a Text  |b txt  |2 rdacontent 
337 |a Computermedien  |b c  |2 rdamedia 
338 |a Online-Ressource  |b cr  |2 rdacarrier 
648 7 |a Geschichte 1846-2014  |2 gnd 
650 7 |a Kongressbericht  |0 (DE-588)4196709-4  |0 (DE-603)085988111  |2 gnd 
650 7 |a Juden  |0 (DE-588)4028808-0  |0 (DE-603)085075922  |2 gnd 
650 7 |a Moderne  |0 (DE-588)4039827-4  |0 (DE-603)085109002  |2 gnd 
651 7 |a Prag  |0 (DE-588)4076310-9  |0 (DE-603)085216283  |2 gnd 
773 0 8 |i Enthalten in  |t Zeitschrift für Slawistik  |d Berlin : De Gruyter, 1956-  |h Online-Ressource  |x 2196-7016  |g Band 60, Heft 3 (2015), Seite 462-465  |w (DE-603)201613530  |w (DE-600)2434774-7 
924 1 |9 2080  |a (DE-603)1018350721  |b DE-2080  |c HES  |d d  |g /